1262 1631 1693 1216 1743 1507 1867 1207 1420 1712 1244 1997 1095 1954 1287 1159 1409 1478 1931 1043 1063 1683 1286 1703 1203 1016 1290 1328 1733 1839 1068 1569 1789 1579 1743 1392 1173 1736 1966 1165 1853 1617 1195 1528 1226 1949 1365 1772 1565 1873 1973 1114 1340 1605 1288 1475 1952 1284 1036 1074 1179 1558 1540 1699 1681 1413 1836 1799 1377 1483 1173 1807 1049 1271 1903 1350 1368 1626 1238 1012 1896 1572 1953 1908 1775 1996 1348 1073 1892 1485 1689 1876 1743 1965 1826 1900 1403 1453 1843 BCNSPRNW ULIB Ver.6.0+V

เปลี่ยนเป็นภาษาไทย

Change to English
 แสดงรายละเอียดบรรณานุกรม
  กลับหน้าหลัก

Brief Record : Get Marc (ISO 2709) : E-mail record : QR code < ปิดหน้าต่าง
LEADER : 00000nam 2200000uu 4500
001    13399125850
003     ULIB
008    020711s2017 th a 000 0 eng d
020    ^a9781496325143
060    ^aWY49^bW-H
100    ^aWillis, Laura M.
245    ^aHealth assessment made incredibly visull/^bWillis, Laura M.
250    ^a3rd ed
260    ^aPhiladelphia :^bWolters Kluwer,^c2017
300    ^a268 pages;^c22 cm
650    ^aNursing Assessment-methods
650  0 ^aPhysical Examination-methods
650  0 ^aHandbooks
650  0 ^aAtlases
945    ^p1657^l0^i003232
999    ^aประนอม เกษจรัล
รายการนี้ยังไม่มีแท็ก
คุณยังไม่ได้ล็อกอิน คุณสามารถมีกิจกรรมร่วมกับเว็บไซต์ได้ แต่ต้องล็อกอินก่อน ::
  ล็อกอิน

รายการสื่อสารสนเทศ

ลำดับที่ ประเภท เลขเรียก/บาร์โค้ด สถานที่ สถานะ
1. หนังสือสำรอง
หนังสือสำรอง
WY49 W-H ฉ.1 
  Barcode: 003232
ห้องสมุดวิทยาเขตสวรรค์ประชารักษ์
►หนังสือทั่วไป
บนชั้น

รายการใกล้เคียง
    ผู้แต่ง [Willis, Laura M.]

    หัวเรื่อง [Nursing Assessment-methods]
    หัวเรื่อง [Physical Examination-methods]
    หัวเรื่อง [Handbooks]
    หัวเรื่อง [Atlases]

BibComment


ยังไม่เคยถูกคอมเมนท์

คอมเมนท์ทรัพยากรรายการนี้
  คอมเมนท์: Health assessmen..


 Copyright 2026. Bcnsprnw @Library